| 000 | 00647nam a22001817a 4500 | ||
|---|---|---|---|
| 010 | _aENG-120569 | ||
| 020 |
_c400.00 _a9789380406534 |
||
| 035 | _aEN-104101 | ||
| 037 | _bDBAD/PUB | ||
| 082 | _a371.122 | ||
| 100 | _aSumathiral, K. | ||
| 245 |
_aDiverse perspectivies of teacher education for global impact / _cby K. Sumathiral [and] A. Vaiyaduri |
||
| 260 |
_aErode _bPallavi Sri Publications and Mass Communication _c2013 |
||
| 270 |
_aRegd. off.: 194, Kanna Complex,2nd Floor, Mettur Road, _bTamil Nadu _e638152 |
||
| 300 |
_axv,266p. : _b28cm(pbk). _cill. |
||
| 700 | _aVaiyadurai, K. | ||
| 942 |
_2ddc _cEN _h371.122 _mSUM |
||
| 999 |
_c144603 _d144603 |
||